<?xml version="1.0" encoding="UTF-8"?>
<record
    xmlns:xsi="http://www.w3.org/2001/XMLSchema-instance"
    xsi:schemaLocation="http://www.loc.gov/MARC21/slim http://www.loc.gov/standards/marcxml/schema/MARC21slim.xsd"
    xmlns="http://www.loc.gov/MARC21/slim">

  <leader>01853nam a2200205 a 4500</leader>
  <controlfield tag="003">KPN</controlfield>
  <controlfield tag="005">20260413161623.0</controlfield>
  <controlfield tag="008">20260413b  00| 0 my d</controlfield>
  <datafield tag="020" ind1=" " ind2=" ">
    <subfield code="a">9789675783357</subfield>
    <subfield code="c">RM16.00</subfield>
    <subfield code="q">paperback</subfield>
  </datafield>
  <datafield tag="040" ind1=" " ind2=" ">
    <subfield code="c">KPN</subfield>
  </datafield>
  <datafield tag="082" ind1="0" ind2="4">
    <subfield code="a">BM FD ROS 2010</subfield>
    <subfield code="2">23</subfield>
  </datafield>
  <datafield tag="090" ind1="0" ind2="0">
    <subfield code="a">BM FD ROS 2010</subfield>
    <subfield code="b">ROS</subfield>
  </datafield>
  <datafield tag="100" ind1="0" ind2=" ">
    <subfield code="a">Rose Harissa,</subfield>
    <subfield code="d">1977-</subfield>
  </datafield>
  <datafield tag="245" ind1="1" ind2="0">
    <subfield code="a">Seperti keju &amp; coklat /</subfield>
    <subfield code="c">Rose Harissa</subfield>
  </datafield>
  <datafield tag="260" ind1=" " ind2=" ">
    <subfield code="a">Batu Caves, Selangor :</subfield>
    <subfield code="b">PTS Litera Utama,</subfield>
    <subfield code="c">2010</subfield>
  </datafield>
  <datafield tag="300" ind1=" " ind2=" ">
    <subfield code="a">261ms. ;</subfield>
    <subfield code="c">19cm.</subfield>
  </datafield>
  <datafield tag="521" ind1=" " ind2=" ">
    <subfield code="a">Siapa sangka keju dan coklat dapat 'bersatu' dalam hidangan pisang? Begitulah kisah Aqil dan Raisya. Safiy Aqil yang pernah menghidap Sindrom Asperger menuntut di UTM. Dia suka memencilkan diri dan tidak bergaul dengan sesiapa. Siapa sangka, abang tirinya, Rafa'e belajar di tempat yang sama, dalam jurusan yang sama. Rafa'e bukan sahaja menabur fitnah terhadap Aqil di hadapan Raisya malah di hadapan ayah mereka, Dato' Hamdan sehingga Dato' Hamdan membenci Aqil sekeluarga. Pada semester ini, sudah tiga kali Aqil mengulang subjek yang sama. Pada semester ini juga, dia 'terpaksa' berkenalan dengan Raisya.

Raisya berjaya mengubah Aqil, dari seorang yang pendiam dan lokek senyuman, kini Raisya berjaya membuatkan Aqil menguntum senyuman. Aqil juga kembali bersemangat untuk menamatkan pengajiannya. Siapa sangka, hujan di tengah hari. Ada seseorang mengoyak lukisan AutoCad Raisya pada hari penilaian. Lukisan Aqil turut sama dikoyak. Angkara siapakah ini?

Aqil ibarat sudah jatuh ditimpa tangga. Hanya kerana kehilangan handset, Aqil lewat menerima berita kematian ibunya. Aqil ditimpa kemalangan. Namun, kemalangan itu membongkar segala kejahatan Rafa'e dan ibunya. Raisya setia menemani dan memberikan sokongan moral kepada Aqil. Akhirnya keju (Aqil) dan coklat (Raisya) bersatu dalam perhubungan jarak jauh.</subfield>
  </datafield>
  <datafield tag="650" ind1="1" ind2="0">
    <subfield code="a">Malay fiction</subfield>
  </datafield>
  <datafield tag="942" ind1=" " ind2=" ">
    <subfield code="2">ddc</subfield>
    <subfield code="c">1</subfield>
    <subfield code="n">0</subfield>
  </datafield>
  <datafield tag="999" ind1=" " ind2=" ">
    <subfield code="c">1808</subfield>
    <subfield code="d">1808</subfield>
  </datafield>
  <datafield tag="952" ind1=" " ind2=" ">
    <subfield code="0">0</subfield>
    <subfield code="1">0</subfield>
    <subfield code="2">ddc</subfield>
    <subfield code="4">0</subfield>
    <subfield code="7">0</subfield>
    <subfield code="8">F</subfield>
    <subfield code="a">KPN</subfield>
    <subfield code="b">KPN</subfield>
    <subfield code="c">FICA</subfield>
    <subfield code="d">2026-04-13</subfield>
    <subfield code="l">0</subfield>
    <subfield code="o">BM FD ROS 2010</subfield>
    <subfield code="p">KPN26040042</subfield>
    <subfield code="r">2026-04-13</subfield>
    <subfield code="w">2026-04-13</subfield>
    <subfield code="y">1</subfield>
  </datafield>
</record>
